zpět

Detail výsledku týmu

U Ječmínka, Prostějov

Datum a čas kvízu

25.5 Celkem bodů Celkový počet nahraných bodů na tomto kvízu bez doplňovacích otázek.
8. Pořadí na kvízu Konečné umístění týmu na tomto kvízu.

Zaznamenané odpovědi

# Otázka Odpověď Body Výsledky
1. Čerstvý výtisk nového dobrodru... Dan Brown; Tajemství všech tajemství 1
2. V úterý byla slavnostně spuště... Etiopie 0
3. Ve čtvrtek měla v českých kin... Srnky 1
4. Řada polských zelinářů je pořá... B 0
5. Čeští volejbalisté si po dlouh... Filipíny 0
6. V tomto tématu se budeme zabýv... děda - vnuk 0
7. Chronologicky seřaďte vybrané... 1D 2B 3C 4A 0
8. Která z uvedených osobností je... C 1
9. V této otázce nás bude zajímat... Přemysl Otakar I. 1
10. Přiřaďte příbuzenské vztahy vy... 1C 2D 3B 4A 1